000
00280nam a22001217a 4500
020
_a
9780195667448
082
_a
425
_b
SWA/BA
100
_a
Swan, Michael
_9
256
245
_a
Basic English Usage
260
_a
New Delhi
_b
Oxford University Press
_c
2012
300
_a
288
942
_c
BK
999
_c
14195
_d
14195